000 00598nam a2200217 i 4500
001 25221
003 BD-RjUL
005 20211209050841.0
008 140316s1975 ko 000 0 eng d
035 _a(BD-RjUL)25290
040 _aDLC
_cDLC
_dDLC
_dBD-RjUL
_beng
041 _aeng
082 0 0 _a309.15195043
_bASP 1975
245 0 0 _aAspiration of the South Korean people /
260 _aPyongyang :
_bForeign Languages Pub. House,
_c1975.
300 _a120 p. ;
_c18 cm.
651 0 _aKorea
_xSocial conditions.
_977577
942 _2ddc
_cBK
999 _c25221
_d25221